000 00682nam a2200217 i 4500
001 35433
003 ES-MaACL
005 20250824225558.0
007 t|
008 030213s1954 sp ||||1| spa d
100 1 _aBormann, Martin.
_930511
245 1 0 _aMemorias /
_cMartin Bormann ; [traducción por Víctor Scholz].
250 _a1ª ed.
260 _aBarcelona :
_bA.H.R.,
_c[1954] (
_fSelecciones Gráf. Estampa)
300 _a376 p., 5 lám. ;
_c19 cm.
490 1 _aLibros que hacen historia
700 1 _aScholz, Víctor.
_9104643
830 0 0 _aLibros que hacen historia (AHR)
_9182055
852 _aES-MaACL
_jC-8963
_bR.37025
999 _c35433
_d35433